000
00215nam a22000857a 4500
008
170111b xxu||||| |||| 00| 0 eng d
100
_9
2333
_a
Jharna.De
245
_a
Lab-Mathematics-VII
260
_a
New Delhi
_b
Cordava
_c
2007
999
_c
5271
_d
5271